| 000 | 00842nam a22002177a 4500 | ||
|---|---|---|---|
| 999 |
_c11259 _d11259 |
||
| 003 | AR-CdUCM | ||
| 008 | 190403b ||||| |||| 00| 0 spa d | ||
| 040 |
_aMUNICIPALIDAD PROVINCIAL DEL CUSCO _cBIBLIOTECA MUNICIPAL DEL CUSCO |
||
| 082 |
_a348.31 / _bP855 / 1940 |
||
| 100 |
_aPosadas, Efren y Tobias _928535 |
||
| 245 |
_aLa nueva legislación del oro : _bcompilación de las leyes, decretos y resoluciones vigentes / |
||
| 260 |
_aLima : _bAntena, _c1940. |
||
| 300 |
_a95 páginas ; _bReglamento Plegable. _c18 cm. |
||
| 505 | _aContenido: Disposiciones sustantivas -- Disposiciones procesales y demás reglamentarias -- Establecimiento de las regiones de trabajo libre ... | ||
| 650 |
_aPeru _9429 |
||
| 650 |
_aLeyes _94808 |
||
| 650 |
_aMinas de oro _928536 |
||
| 650 |
_aLegislación _92962 |
||
| 942 |
_2ddc _cLIBROS |
||
| 945 | _acmm | ||